Les premières cités et la naissance de l'écriture : actes du colloque du 26 septembre 2009, Musée archéologique de Nice-Cemenalum /

محفوظ في:

مؤلفون مشاركون: Musée archéologique de Nice-Cemenelum., Colloque (Sept. 26, 2009 : Musée archéologique de Nice-Cemenelum).

مؤلفون آخرون: Vernus, Pascal.

التنسيق: وقائع المؤتمر كتاب

اللغة: French

منشور في: Arles : Nice : Actes sud ; Alphabets, 2011.

الطبعة: 1. éd.

الموضوعات:

الوسوم: إضافة وسم

لا توجد وسوم, كن أول من يضع وسما على هذه التسجيلة!

رقم الطلب: P211 .P74 2011

LEADER 01076nam a22002657a 4500
003 OSt
005 20250915112911.0
008 250915s2011 fr afe b 000 0 fre d
020 |a 9782742794898 
040 |c ARCE Library 
050 1 4 |a P211   |b .P74 2011 
245 0 0 |a Les premières cités et la naissance de l'écriture :   |b actes du colloque du 26 septembre 2009, Musée archéologique de Nice-Cemenalum /   |c sous la présidence de Pascal Vernus. 
250 |a 1. éd. 
264 1 |a Arles :   |b Actes sud ;   |a Nice :   |b Alphabets,   |c 2011. 
300 |a 205 p., [8] leaves of plates :   |b ill. (some col.), plans ;   |c 24 cm. 
504 |a Includes bibliographical references (p. 201-205). 
650 0 |a Cities and towns, Ancient -- History -- Congresses. 
650 0 |a Conference papers and proceedings. 
650 0 |a Writing -- History -- Congresses. 
700 1 |a Vernus, Pascal.  
710 2 |a Musée archéologique de Nice-Cemenelum.  
711 2 |a Colloque (Sept. 26, 2009 : Musée archéologique de Nice-Cemenelum). 
901 |a reviewed 
942 |2 lcc  |c BK 
999 |c 49456  |d 49456